Apollo Space Program Knowledge - Multiple Choice - Statistics

General Stats
  • This quiz has been taken 50 times
  • The average score is 13 of 15
Answer Stats
Question Answer % Correct
What space program has been established as a successor to Apollo in 2017? Artemis
100%
What was the initial purpose of this space program? Landing humans on the Moon
96%
On which mission did the first men walk on the Moon? Apollo 11
94%
Which mission was a "successful failure", due to an oxygen tank explosion? Apollo 13
94%
Which US President launched this space program? John F. Kennedy
94%
Which super heavy-lift launcher (i.e. rocket) was used in the Apollo program? Saturn V
94%
In what year did this first lunar landing take place? 1969
91%
Wernher von Braun was chief architect of these launchers. What was he also famous for? He led the development of rocket technology in Nazi Germany
91%
What vehicle transported the astronauts to the surface of the Moon? Lunar Module
91%
Which one is an Apollo program rocket?
87%
In what year did the Apollo program start? 1961
87%
What event occured during Apollo I mission? The crew died in a fire during a launch rehearsal
87%
What sports did astronaut Alan Shephard play on the Moon? Golf
85%
In total, how many people walked on the Moon (by 2026)? 12
77%
What is the longest time a crew has spent on the surface of the Moon (rounded)? 3 days
40%
No matching quizzes found
Score Distribution
Percent of People with Each Score
Percentile by Number Answered
Your Score History
You have not taken this quiz